Penternakan

Bibliographic Details
Main Author: Nur Aqielah
Corporate Author: Title
Format: Book
Published: Kuala Lumpur : Goodmark Enterprise , 2006
Series:Siri pertanian di Malaysia
Subjects:

MARC

LEADER 00000cam a2200000 7i4500
001 0000003594
005 20151222.0
008 070719
020 |a 9830573710(set) 
020 |a 9830573753 
090 0 0 |a AGR   |b MAL 
100 1 |a Nur Aqielah 
245 1 0 |a Penternakan   |c Nur Aqielah 
260 |a Kuala Lumpur :   |b Goodmark Enterprise ,   |c 2006 
440 0 |a Siri pertanian di Malaysia 
500 |a Children ages 10-12 years old (pink) 
650 0 |a Agriculture 
650 0 |a Junior fiction   |x Malay   |x Languages 
710 0 |a Title 
999 |a 0000970045   |b Book   |c Children Collection   |e Perbadanan Perpustakaan Awam Johor 
999 |a 0000970046   |b Book   |c Children Collection   |e Perbadanan Perpustakaan Awam Johor 
999 |a 0001024802   |b Book   |c Children Collection   |e Cawangan Segamat 
999 |a 0001045818   |b Book   |c Children Collection   |e Cawangan Mersing 
999 |a 0001129260   |b Book   |c Children Collection   |e Cawangan Taman Universiti 
999 |a 0001129298   |b Book   |c Teenagers   |e Cawangan Bandar Tenggara